Sports Quiz

Random Sports or Basketball Quiz
Score 0/13 Timer 06:00
0 Plays Today
Postion Player % Correct
Shooting GuardMichael Jordan
99.8%
Small ForwardScottie Pippen
99.4%
Power ForwardDennis Rodman
95.8%
GuardSteve Kerr
86.2%
CenterLuc Longley
84.3%
ForwardToni Kukoc
80%
Point GuardRon Harper
79.3%
CoachPhil Jackson
77%
CenterBill Wennington
58.2%
GuardRandy Brown
39.5%
Forward/GuardJud Buechler
37.9%
Forward/CenterJohn Salley
24.8%
CenterJames Edwards
15.8%
Remove Ads.
Support Sporcle.
Get the best of Sporcle when you Go Orange. This ad-free experience offers more features, more stats, and more fun while also helping to support Sporcle. Thank you for becoming a member.

You're not logged in!

Compare scores with friends on all Sporcle quizzes.
OR
Log In

Show Comments

Extras

Top Quizzes Today


Score Distribution

Your Account Isn't Verified!

In order to create a playlist on Sporcle, you need to verify the email address you used during registration. Go to your Sporcle Settings to finish the process.

Report this User

Report this user for behavior that violates our Community Guidelines.

Details: